| 000 | 00859cam a22001934a 4500 | ||
|---|---|---|---|
| 005 | 20250605164134.0 | ||
| 008 | 250528s ||||||||||||||||||||||||d | ||
| 035 | _a18703 | ||
| 020 | _a582278015 | ||
| 040 |
_aGR-AtMCL _bgre _dGR-AtMCL _eAACR2 |
||
| 245 | 1 | _aPsychological Research Methods and Statistics | |
| 260 |
_bLongman, _c1995 |
||
| 300 | _a128 | ||
| 520 | _aThis book provides comprehensive and concise coverage of all the major topics studied in undergraduate psychology courses. Introduction, Experimental Design, Analysis of Variance Designs, Descriptive and Inferential Statistics, Quasi-Experiments and Correlational Studies, Survey Methods and Naturalistic Observations and Case-Studies, Ethical Issues in Psychological Research, Glossary, Index. | ||
| 700 | 1 |
_aColman Andrew M _93208 |
|
| 942 | _cBK | ||
| 999 |
_c4029 _d4029 |
||